Botw champions - Statistics

General Stats
  • This quiz has been taken 116 times
  • The average score is 5 of 5
Answer Stats
Hint Answer % Correct
Fishy girl Mipha
100%
Big strong rock guy Daruk
99%
Hyah! Link
99%
Mr Massive ego Revali
97%
Redhead warrior woman Urbosa
97%
No matching quizzes found
Score Distribution
Percent of People with Each Score
Percentile by Number Answered
Your Score History
You have not taken this quiz